| 000 | 01064cam a22003372 4500 | ||
|---|---|---|---|
| 001 | 0000018872 | ||
| 003 | OSt | ||
| 005 | 20231024092615.0 | ||
| 008 | 100810s xx 000 0 eng d | ||
| 020 | _a0323834612 | ||
| 040 |
_aKABU _cKABU |
||
| 050 |
_aRT69 _b.W38 2023 |
||
| 100 | 1 | _aWaugh, Anne. | |
| 245 | 1 | 0 |
_aRoss and Wilson anatomy and physiology in health and illness / _cAnne Waugh & Allison Grant. |
| 250 | _a14th ed. | ||
| 260 |
_aLondon : _bElsevier _c2023 |
||
| 300 | _axi, 586 p. | ||
| 650 | 0 | _aHuman anatomy. | |
| 650 | 0 | _aHuman physiology. | |
| 650 | 0 | _aPathology. | |
| 650 | 0 | _aNursing. | |
| 650 | 0 |
_aAnatomy _xNurses instruction. |
|
| 650 | 0 |
_aPhysiology. _xNurses instruction. |
|
| 700 | 1 | _aGrant, Allison. | |
| 908 | _a100810 | ||
| 942 |
_2lcc _cBK _e14th ed. _hRT69 _i.W38 2023 |
||
| 999 |
_c20346 _d20345 |
||